| 000 | 01277cam a22003018a 4500 | ||
|---|---|---|---|
| 001 | 17055472 | ||
| 005 | 20170418110928.0 | ||
| 008 | 111121s2013 pau b 001 0 eng | ||
| 010 | _a2011048255 | ||
| 020 | _a9781608317875 (alk. paper) | ||
| 020 | _a1608317870 | ||
| 040 | _aEG-ScBUE | ||
| 082 | 0 | 0 |
_a610.73 _222 _bTIM |
| 100 | 1 |
_aTimby, Barbara Kuhn _920698 |
|
| 245 | 1 | 0 |
_aFundamental nursing skills and concepts / _cBarbara Kuhn Timby. |
| 250 | _a10th ed. | ||
| 260 |
_aPhiladelphia, United States : _bWolters Kluwer / Lippincott Williams & Wilkins Health, _cc.2013. |
||
| 300 |
_axxi, 926 p. ; _bill. (col.) : _c29 cm. |
||
| 500 | _aIncludes appendixes. | ||
| 500 | _aGlossary : p. 889-904. | ||
| 500 | _aIndex : p. 905-926. | ||
| 504 | _aIncludes bibliographical references and index. | ||
| 505 | 0 | _aExploring contemporary nursing-Integrating basic concepts-Fostering communication-Performing basic client care-Assisting with basic needs-Assisting the inactive client-The surgical client --Promoting elimination-Medication administration-Intervening in emergency situations-Caring for the terminally ill. | |
| 653 |
_bNNUR _cFebruary2013 _cSeptember2014 |
||
| 655 |
_vreading book _934232 |
||
| 650 | 0 |
_94472 _aNursing care |
|
| 942 |
_2ddc _cNRB _k610.73 TIM |
||
| 999 |
_c17260 _d17232 |
||